Capitães Campeões clubes brasileiros Libertadores - Statistics

Estatísticas Gerais
  • Esse quiz foi jogado 119 vezes
    66 desde o último reset
  • A pontuação média é 15 de 23
Estatísticas das Respostas
Ano Clube Posição Resposta % Correto
2017 Grêmio Defesa Geromel
93%
2020 Palmeiras Defesa Gustavo Gómez
90%
2021 Palmeiras Defesa Gustavo Gómez
90%
2005 São Paulo Goleiro Rogério Ceni
90%
2023 Fluminense Defesa Nino
87%
1981 Flamengo Meio Campo Zico
84%
2019 Flamengo Meio Campo Éverton Ribeiro
82%
2022 Flamengo Meio Campo Éverton Ribeiro
82%
2013 Atlético Mineiro Defesa Réver
82%
2006 Internacional Ataque Fernandão
79%
1992 São Paulo Meio Campo Raí
74%
1993 São Paulo Meio Campo Raí
72%
2012 Corinthians Defesa Alessandro
67%
2011 Santos Defesa Edu Dracena
67%
2010 Internacional Defesa Bolívar
57%
1962 Santos Meio Campo Zito
46%
1963 Santos Meio Campo Zito
44%
1983 Grêmio Defesa Hugo de León
39%
1999 Palmeiras Meio Campo César Sampaio
38%
1998 Vasco Defesa Mauro Galvão
31%
1995 Grêmio Defesa Adílson Batista / Adilson
28%
1976 Cruzeiro Meio Campo Piazza
23%
1997 Cruzeiro Defesa Wilson Gottardo
16%
Nenhum quiz correspondente encontrado
Distribuição das Pontuações
Porcentagem de Pessoas com Cada Pontuação
Percentil de Números Respondidos
Sua Pontuação Histórica
Você não jogou esse quiz desde o último reset